<?xml version="1.0" encoding="UTF-8"?>
<collection xmlns="http://www.loc.gov/MARC21/slim">
<record>
  <controlfield tag="001">61301</controlfield>
  <controlfield tag="005">20220817094614.0</controlfield>
  <datafield tag="024" ind1="8" ind2=" ">
    <subfield code="2">sideral</subfield>
    <subfield code="a">80316</subfield>
  </datafield>
  <datafield tag="037" ind1=" " ind2=" ">
    <subfield code="a">ART-2012-80316</subfield>
  </datafield>
  <datafield tag="041" ind1=" " ind2=" ">
    <subfield code="a">spa</subfield>
  </datafield>
  <datafield tag="100" ind1=" " ind2=" ">
    <subfield code="a">Lallana Alvarez, M.Jesús</subfield>
    <subfield code="0">(orcid)0000-0001-7587-9716</subfield>
  </datafield>
  <datafield tag="245" ind1=" " ind2=" ">
    <subfield code="a">Variabilidad de la prescripción de antibióticos en atención primaria de los sectores sanitarios de Aragón</subfield>
  </datafield>
  <datafield tag="260" ind1=" " ind2=" ">
    <subfield code="c">2012</subfield>
  </datafield>
  <datafield tag="506" ind1="0" ind2=" ">
    <subfield code="a">Access copy available to the general public</subfield>
    <subfield code="f">Unrestricted</subfield>
  </datafield>
  <datafield tag="520" ind1="3" ind2=" ">
    <subfield code="a">Fundamentos: La  resistencia  a  los  antibióticos  puede  contenerse  con una mejor utilización, para lo que debemos conocer cómo se usan.  El objetivo del estudio es describir la prevalencia del consumo de antibióticos y la variabilidad en su utilización en los diferentes sectores sanitarios de Aragón. 
Métodos: Estudio descriptivo de la prescripción de antibióticos en  los sectores sanitarios de Aragón en 2008. Los datos se obtuvieron del  Sistema de Información de Consumo Farmacéutico de Aragón, que recoge las recetas dispensadas en oficinas de farmacia. Se calcularon las  tasas de utilización de antibióticos por cada mil habitantes ajustadas por  sexo  y  edad  mediante  el  método  directo  e  indirecto.  La  utilización  de  los subgrupos de antibióticos se midió en dosis diarias definidas (DDD)  por mil habitantes/día (DHD). En el análisis de la variabilidad se utilizaron  la  razón  de  variación  (RV),  el  coeficiente  de  variación  (CV),  el  coeficiente de variación ponderado (CVw) y el componente sistemático  de la variación (SCV). 
Resultados: La  tasa  ajustada  de  utilización  de  antibióticos  osciló  entre 279,8 y 382 por cada 1.000 habitantes, mostrando un CVw=0,12.  La  tasa  de  utilización  en  mujeres  fue  364,9  por  1.000  y  en  hombres  300,0 por 1.000. Los subgrupos que presentaron las mayores variaciones fueron cefalosporinas (RV 2,42 y CVw 0,37) y las quinolonas (RV  1,84 y CVw 0,22). 
Conclusiones: La tasa de utilización fue mayor en las mujeres que en los hombres.Por subgrupos la mayor variabilidad en la prescripción de antibióticos entre los sectores sanitarios de Aragón se produce en las cefalosporinas y las quinolonas.   

BACKGROUND: Resistance to antibacterial drugs can be contained by judicious utilization, so we must know about its use. The objective is to describe the prevalence of antibiotic consumption and the variability in the use of antibiotics among outpatients in the different health areas of Aragon.
METHODS: Study of the prescription of antibiotics in the health areas of Aragon in 2008. Data were extracted from the Aragon Pharmaceutical Consumption Database, a complete register of all dispensed prescriptions. Prescription rates per 1000 individuals adjusted by sex and age were calculated using a direct and indirect standardization method. The subgroups utilization were calculated in Defined Daily Dose per 1000 inhabitants per day (DID). In the variation analysis were used: extremal quotient (EQ), coefficient of variation (CV), weighted coefficient of variation (CVw).
RESULTS: The adjusted rate of antibiotic varied between 279,8 and 382 per 1000 inhabitants, showing a CVw=0,12. The utilization rate in women was 364.9 per 1,000 and in men 300.0 per 1,000. Cephalosporins have a EQ=2,42 and CVw=0,37; and quinolones have EQ=1,84 and CVw=0,22.
CONCLUSIONS: The utilization rate was higher in women than men. The higher variability in the prescription of antibiotics among health areas in Aragon was in cephalosporins and quinolones.</subfield>
  </datafield>
  <datafield tag="536" ind1=" " ind2=" ">
    <subfield code="9">info:eu-repo/grantAgreement/ES/FIS/PI10-01048</subfield>
  </datafield>
  <datafield tag="540" ind1=" " ind2=" ">
    <subfield code="9">info:eu-repo/semantics/openAccess</subfield>
    <subfield code="a">by-nc-nd</subfield>
    <subfield code="u">http://creativecommons.org/licenses/by-nc-nd/3.0/es/</subfield>
  </datafield>
  <datafield tag="590" ind1=" " ind2=" ">
    <subfield code="a">0.696</subfield>
    <subfield code="b">2012</subfield>
  </datafield>
  <datafield tag="591" ind1=" " ind2=" ">
    <subfield code="a">PUBLIC, ENVIRONMENTAL &amp; OCCUPATIONAL HEALTH</subfield>
    <subfield code="b">119 / 139 = 0.856</subfield>
    <subfield code="c">2012</subfield>
    <subfield code="d">Q4</subfield>
    <subfield code="e">T3</subfield>
  </datafield>
  <datafield tag="655" ind1=" " ind2="4">
    <subfield code="a">info:eu-repo/semantics/article</subfield>
    <subfield code="v">info:eu-repo/semantics/publishedVersion</subfield>
  </datafield>
  <datafield tag="700" ind1=" " ind2=" ">
    <subfield code="a">Feja Solana, Cristina</subfield>
    <subfield code="0">(orcid)0000-0002-2712-6709</subfield>
  </datafield>
  <datafield tag="700" ind1=" " ind2=" ">
    <subfield code="a">Malo Fumanal, Sara</subfield>
    <subfield code="u">Universidad de Zaragoza</subfield>
    <subfield code="0">(orcid)0000-0002-7194-8275</subfield>
  </datafield>
  <datafield tag="700" ind1=" " ind2=" ">
    <subfield code="a">Abad Diez, José María</subfield>
    <subfield code="u">Universidad de Zaragoza</subfield>
    <subfield code="0">(orcid)0000-0001-9466-3902</subfield>
  </datafield>
  <datafield tag="700" ind1=" " ind2=" ">
    <subfield code="a">Bjerrum, Lars</subfield>
  </datafield>
  <datafield tag="700" ind1=" " ind2=" ">
    <subfield code="a">Rabanaque Hernández, M. José</subfield>
    <subfield code="u">Universidad de Zaragoza</subfield>
    <subfield code="0">(orcid)0000-0002-6671-5661</subfield>
  </datafield>
  <datafield tag="710" ind1="2" ind2=" ">
    <subfield code="1">1008</subfield>
    <subfield code="2">615</subfield>
    <subfield code="a">Universidad de Zaragoza</subfield>
    <subfield code="b">Dpto. Microb.Med.Pr.,Sal.Públ.</subfield>
    <subfield code="c">Área Medic.Prevent.Salud Públ.</subfield>
  </datafield>
  <datafield tag="773" ind1=" " ind2=" ">
    <subfield code="g">86, 6 (2012), 627-635</subfield>
    <subfield code="p">Rev. esp. salud pública</subfield>
    <subfield code="t">REVISTA ESPAÑOLA DE SALUD PUBLICA</subfield>
    <subfield code="x">1135-5727</subfield>
  </datafield>
  <datafield tag="856" ind1="4" ind2=" ">
    <subfield code="s">661502</subfield>
    <subfield code="u">http://zaguan.unizar.es/record/61301/files/texto_completo.pdf</subfield>
    <subfield code="y">Versión publicada</subfield>
  </datafield>
  <datafield tag="856" ind1="4" ind2=" ">
    <subfield code="s">59796</subfield>
    <subfield code="u">http://zaguan.unizar.es/record/61301/files/texto_completo.jpg?subformat=icon</subfield>
    <subfield code="x">icon</subfield>
    <subfield code="y">Versión publicada</subfield>
  </datafield>
  <datafield tag="856" ind1="4" ind2="1">
    <subfield code="u">http://www.msssi.gob.es/biblioPublic/publicaciones/recursos_propios/resp/revista_cdrom/vol86/vol86_6/RS866C_627.pdf</subfield>
    <subfield code="z">Texto completo de la revista</subfield>
  </datafield>
  <datafield tag="909" ind1="C" ind2="O">
    <subfield code="o">oai:zaguan.unizar.es:61301</subfield>
    <subfield code="p">articulos</subfield>
    <subfield code="p">driver</subfield>
  </datafield>
  <datafield tag="951" ind1=" " ind2=" ">
    <subfield code="a">2022-08-17-09:33:09</subfield>
  </datafield>
  <datafield tag="980" ind1=" " ind2=" ">
    <subfield code="a">ARTICLE</subfield>
  </datafield>
</record>
</collection>